| 000 | 00610nam a22002057a 4500 | ||
|---|---|---|---|
| 003 | LK-CoMWRAF | ||
| 005 | 20231230154702.0 | ||
| 008 | 231018b |||||||| |||| 00| 0 eng d | ||
| 020 | _a9789551266707 | ||
| 040 |
_aLK-CoMWRAF _dLK-CoMWRAF _eLK-CoMWRAF |
||
| 041 | _aeng | ||
| 082 |
_a820 _bKAL |
||
| 245 |
_aKaleidoscope : _bAn anthology of Sri Lankan English literature |
||
| 260 |
_aColombo : _bVijitha yapa publications, _c2007 |
||
| 300 | _axx , 258p. ; 21cm | ||
| 650 | _a Anthologies | ||
| 650 | _aAnthologies--Sri Lankan English literature | ||
| 700 |
_aGoonetilleke, D. C. R. A _eed. |
||
| 942 | _cBK | ||
| 999 |
_c3929 _d3929 |
||